00779cam a2200229 a 4500001001300000003000400013005001700017008004100034010001700075040001800092043001200110050001800122100004000140245005300180260010300233300003900336546001800375504005300393520005300446651003300499999001700532sa 68008591 DLC20260227112533.0970826s1966 ce b 000 0 sin  asa 68008591  aDLCcDLCdDLC aa-ce---00aDS489.5b.S481 aSilvā, Em. Ec. Pīṭar.,d1908-10aSiṃhala mahimaya /cEm. Ec. Pīṭar Silvā. aKoḷamba :bGuṇasiri Prakāśakayō ;bBedā harinnō, Ăm. Ḍī. Guṇasēna,c[1966] a124, iivx (i.e. xvii) p. ;c18 cm. aIn Sinhalese. aIncludes bibliographical references (p. 95-124). aHistory of the people of Ceylon to the 8th cent. 0aSri LankaxHistoryyTo 1505. c82459d82459